A defining moment: journey of friendship and hope (Prime Minister Shri Atal Bihari Vajpayee's historic visit to Pakistan), February 20-21, 1999 (Record no. 487193)

000 -LEADER
fixed length control field 00734cam a22001337a 4500
008 - FIXED-LENGTH DATA ELEMENTS--GENERAL INFORMATION
fixed length control field 180718b1999 xxu||||| |||| 00| 0 eng d
082 ## - DEWEY DECIMAL CLASSIFICATION NUMBER
Classification number Dx54 D361
245 ## - TITLE STATEMENT
Title A defining moment: journey of friendship and hope (Prime Minister Shri Atal Bihari Vajpayee's historic visit to Pakistan), February 20-21, 1999
Statement of responsibility, etc. by Directorate of Advertising and Visual Publicity, Ministry of Information and Broadcasting
260 ## - PUBLICATION, DISTRIBUTION, ETC.
Place of publication, distribution, etc. New Delhi
Name of publisher, distributor, etc. Directorate of Advertising and Visual Publicity, Ministry of Information and Broadcasting
Date of publication, distribution, etc. 1999
300 ## - PHYSICAL DESCRIPTION
Extent v.p.
650 ## - SUBJECT ADDED ENTRY--TOPICAL TERM
Topical term or geographic name entry element Lahore declaration
650 ## - SUBJECT ADDED ENTRY--TOPICAL TERM
Topical term or geographic name entry element India - Foreign relations - Pakistan
700 ## - ADDED ENTRY--PERSONAL NAME
Personal name India. Ministry of Information and Broadcasting. Directorate of Advertising and Visual Publicity
Holdings
Withdrawn status Lost status Damaged status Not for loan Permanent Location Current Location Date acquired Full call number Barcode Date last seen Price effective from Koha item type
        Indian Institute of Public Administration Indian Institute of Public Administration 2018-08-04 Dx54 D361 GG23298 2018-08-04 2018-08-04 GG

Powered by Koha